000
00250nam a2200097Ia 4500
005
20251222114358.0
008
251222s1900||||xx |||||||||||||| ||spa||
082
_a
DVD0111/R36/1963
245
0
_a
La espada en la piedra:The Sword in the Stone
942
_c
DVD
999
_c
1517
_d
1517